| 000 | 00799nam a22002177a 4500 | ||
|---|---|---|---|
| 999 |
_c19876 _d19876 |
||
| 003 | AR-CdUCM | ||
| 008 | 190322b ||||| |||| 00| 0 spa d | ||
| 040 |
_aMUNICIPALIDAD PROVINCIAL DEL CUSCO _cBIBLIOTECA MUNICIPAL DEL CUSCO |
||
| 082 |
_a629.143 / _bM32 |
||
| 100 |
_aMay, Julián _923082 |
||
| 245 | _aEn el mundo de los jets / | ||
| 260 |
_aMéxico : _bAgencia para el desarrollo internacional, _c1965. |
||
| 300 |
_a175 páginas ; _bIlustraciones, _c23 cm. |
||
| 505 | _aContenido: Los jets que cruzan América -- El ganadero volante -- Cadetes de la era del aire... | ||
| 650 |
_aViajes _9856 |
||
| 650 |
_aAeronáutica _919864 |
||
| 700 |
_aBarker, Robert (ilustración) _941553 |
||
| 710 |
_aCentro regional de ayuda técnica _910048 |
||
| 942 |
_2ddc _cLIBROS |
||
| 945 |
_adavv _d2019-05-23 |
||